000 00475nam a2200193Ia 4500
005 20240823043532.0
008 240823s9999||||xx |||||||||||||| ||und||
020 _a81-8209-137-3
041 _aENGLISH
082 _A519 P6
100 _aSankarappan S et al.
245 0 _aEngineering Mathematics
250 _a1st
260 _c2006
_bVijay Nicole Imprints Private Li
500 _aTRANSFERED
650 _aMathematics
_bMathematics
942 _cBK
999 _c210452
_d210452